000 00900nam a22002417a 4500
005 20240530110336.0
008 140915s2010 ua gr 000 0 ara d
017 _a2009/7727
_bمصر . دار الكتب المصرية
020 _a9773285774
040 _aEG-CaGPL
082 0 4 _221
_a306.85
_bم ع
100 0 _aمحمد نبيل جامع
_eمؤلف
245 1 _aعلم الاجتماع الاسرى :
_bوتحليل التوافق الزواجى والعنف الاسرى /
_cمحمد نبيل جامع
260 _aالاسكندرية :
_bدار الجامعة الجديدة للنشر ،
_c2010
300 _a457 ص ؛
_c24 سم
650 0 7 _xالاسرة
650 0 7 _xالعلاقات الاسرية
650 0 7 _xالزواج
650 0 7 _xالتكوكب الاسرى
650 0 7 _xالعنف الاسرى
942 _2ddc
_cBK
999 _c59787
_d59787